Procedural semantics for hyperintensional logic (Record no. 999338)

MARC details
000 -LEADER
fixed length control field 00922nam a2200277Ia 4500
003 - CONTROL NUMBER IDENTIFIER
control field OSt
005 - DATE AND TIME OF LATEST TRANSACTION
control field 20221005092744.0
008 - FIXED-LENGTH DATA ELEMENTS--GENERAL INFORMATION
fixed length control field 221004b |||||||| |||| 00| 0 eng d
020 ## - INTERNATIONAL STANDARD BOOK NUMBER
International Standard Book Number 9789048188116 (hbk)
037 ## - SOURCE OF ACQUISITION
Terms of availability Textual
040 ## - CATALOGING SOURCE
Original cataloging agency CRL
Transcribing agency CRL
Language of cataloging eng
041 ## - LANGUAGE CODE
Source of code eng
Language code of text/sound track or separate title eng
100 ## - MAIN ENTRY--PERSONAL NAME
Personal name Duzi Marie
9 (RLIN) 617737
245 #0 - TITLE STATEMENT
Title Procedural semantics for hyperintensional logic
Remainder of title Foundations and applications of transparent intensional logic
260 ## - PUBLICATION, DISTRIBUTION, ETC.
Place of publication, distribution, etc. New York
Name of publisher, distributor, etc. Springer U.S.A
Date of publication, distribution, etc. 2010
300 ## - PHYSICAL DESCRIPTION
Extent xiii, 552p.
Dimensions cm.
650 ## - SUBJECT ADDED ENTRY--TOPICAL TERM
Topical term or geographic name entry element PHILOSOPHY
700 ## - ADDED ENTRY--PERSONAL NAME
Personal name Jespersen Bjorn
9 (RLIN) 617738
700 ## - ADDED ENTRY--PERSONAL NAME
Personal name Materna Pavel
9 (RLIN) 617739
942 ## - ADDED ENTRY ELEMENTS (KOHA)
Classification part R1, Q0
Koha item type Textual
Source of classification or shelving scheme
Holdings
Withdrawn status Lost status Damaged status Not for loan Home library Current library Date acquired Source of acquisition Cost, normal purchase price Total Checkouts Full call number Barcode Date last seen Cost, replacement price Price effective from Koha item type
        Central Library Central Library 2022-10-05 174, 15/03/2011, Aviva Book Company 10800.32   R1 Q0 CL1548100 2022-10-05 10800.32 2022-10-05 Textual
Copyright @ Delhi University Library System